City Superlatives #1 - Statistics

General Stats
  • This quiz has been taken 19,776 times
  • The average score is 12 of 20
Answer Stats
Category City % Correct
Tallest building Dubai
97%
Largest stock market New York
94%
Most-visited museum Paris
85%
Most mentioned city in the Bible Jerusalem
84%
Most populous Spanish-speaking city Mexico City
80%
Easternmost city captured by Napoleon Moscow
74%
Most successful football team in the Champions League Madrid
73%
Largest church Vatican City
65%
Largest mosque Mecca
62%
Oldest stock market Amsterdam
57%
Busiest container ship port Shanghai
57%
Most casino revenue Macau
53%
Busiest cruise port Miami
51%
Most populous city founded by Belgians Kinshasa
49%
Southernmost city with a city population > 1 million Melbourne
45%
Northernmost city with a population > 1 million Helsinki
42%
Most attended rodeo Houston
42%
Oldest university Bologna
38%
Tallest future building that is currently under construction Jeddah
33%
Largest Christmas market Vienna
24%
No matching quizzes found
Score Distribution
Percent of People with Each Score
Percentile by Number Answered
Your Score History
You have not taken this quiz